Letters between a father and son / (Record no. 329402)

000 -LEADER
fixed length control field 01687cam a2200385 i 4500
001 - CONTROL NUMBER
control field 16874347
003 - CONTROL NUMBER IDENTIFIER
control field Nust
005 - DATE AND TIME OF LATEST TRANSACTION
control field 20170504173812.0
008 - FIXED-LENGTH DATA ELEMENTS--GENERAL INFORMATION
fixed length control field 110701s2011 nyu 001 0aeng
010 ## - LIBRARY OF CONGRESS CONTROL NUMBER
LC control number 2011459063
020 ## - INTERNATIONAL STANDARD BOOK NUMBER
International Standard Book Number 9780330522960 (pbk.)
040 ## - CATALOGING SOURCE
Original cataloging agency DLC
Language of cataloging eng
Transcribing agency DLC
Description conventions rda
Modifying agency DLC
042 ## - AUTHENTICATION CODE
Authentication code pcc
043 ## - GEOGRAPHIC AREA CODE
Geographic area code nwtr---
050 00 - LIBRARY OF CONGRESS CALL NUMBER
Classification number PR9272.9.N32
Item number Z48 2011
082 ## - DEWEY DECIMAL CLASSIFICATION NUMBER
Classification number 823.914 NAI
245 00 - TITLE STATEMENT
Title Letters between a father and son /
Statement of responsibility, etc. V.S. Naipaul ; with an introduction and notes by Gillon Aitken.
260 ## - PUBLICATION, DISTRIBUTION, ETC.
Place of publication, distribution, etc. London :
Name of publisher, distributor, etc. Picador,
Date of publication, distribution, etc. 2011.
300 ## - PHYSICAL DESCRIPTION
Extent xix, 331 pages ;
Dimensions 25 cm
336 ## - CONTENT TYPE
Content type term text
Source rdacontent
337 ## - MEDIA TYPE
Media type term unmediated
Source rdamedia
338 ## - CARRIER TYPE
Carrier type term volume
Source rdacarrier
600 10 - SUBJECT ADDED ENTRY--PERSONAL NAME
Personal name Naipaul, V. S.
Fuller form of name (Vidiadhar Surajprasad),
Dates associated with a name 1932-
Form subdivision Correspondence.
9 (RLIN) 10
600 10 - SUBJECT ADDED ENTRY--PERSONAL NAME
Personal name Naipaul, Seepersad
Form subdivision Correspondence.
9 (RLIN) 11
600 10 - SUBJECT ADDED ENTRY--PERSONAL NAME
Personal name Naipaul, V. S.
Fuller form of name (Vidiadhar Surajprasad),
Dates associated with a name 1932-
General subdivision Family.
9 (RLIN) 12
650 #0 - SUBJECT ADDED ENTRY--TOPICAL TERM
Topical term or geographic name entry element Authors, Trinidadian
Chronological subdivision 20th century
General subdivision Family relationships.
9 (RLIN) 13
650 #0 - SUBJECT ADDED ENTRY--TOPICAL TERM
Topical term or geographic name entry element Authors, Trinidadian
Chronological subdivision 20th century
Form subdivision Correspondence.
9 (RLIN) 14
650 #0 - SUBJECT ADDED ENTRY--TOPICAL TERM
Topical term or geographic name entry element Fathers and sons
Geographic subdivision Trinidad and Tobago
-- Trinidad.
9 (RLIN) 15
700 12 - ADDED ENTRY--PERSONAL NAME
Personal name Naipaul, V. S.
Fuller form of name (Vidiadhar Surajprasad),
Dates associated with a name 1932-
Title of a work Correspondence.
Form subheading Selections.
9 (RLIN) 16
700 12 - ADDED ENTRY--PERSONAL NAME
Personal name Naipaul, Seepersad.
Title of a work Correspondence.
Form subheading Selections.
9 (RLIN) 17
775 08 - OTHER EDITION ENTRY
Relationship information Revision of:
Main entry heading Naipaul, V. S. (Vidiadhar Surajprasad), 1932-
Title Between father and son
Edition 1st American ed.
Place, publisher, and date of publication New York : Alfred Knopf, 2000
Physical description xi, 297 p. ; 25 cm.
International Standard Book Number 0375407308
Record control number (DLC) 99031089
906 ## - LOCAL DATA ELEMENT F, LDF (RLIN)
a 7
b cbc
c origcop
d 3
e ncip
f 20
g y-gencatlg
942 ## - ADDED ENTRY ELEMENTS (KOHA)
Source of classification or shelving scheme
Koha item type Book
Holdings
Withdrawn status Lost status Source of classification or shelving scheme Damaged status Not for loan Permanent Location Current Location Date acquired Total Checkouts Full call number Barcode Date last seen Price effective from Koha item type
          School of Civil and Environmental Engineering (SCEE) School of Civil and Environmental Engineering (SCEE) 05/04/2017   823.914 NAI NIT-8548 05/04/2017 05/04/2017 Book
© 2023 Central Library, National University of Sciences and Technology. All Rights Reserved.